=LDR 00000nam 2200000 4500 =001 INLIS000000000029868 =005 20130612132051 =008 ***********************************Ind** =035 ##$$0010-061300000029868 =041 ##$$a Ind =082 ##$$a 658 =090 ##$$a 658, RUG b =100 ##$$a Rugman, Alan M =245 ##$$a Bisnis internasional, Alan M. Rugman, Donald J.Lecraw, Laurence D. Booth =260 ##$$a 1993 $b Jakarta =300 ##$$a xviii, 326 hlm., 24 cm =650 ##$$a Bisnis Internasional =850 ##$$a NBPNMAT =990 ##$$a 0001/BPAP-NTB/20142015